Residential electricity consumption in China : The roles of weather and household income
This is repost introduce about residential electricity consumption in China, the roles of weather and household income.
Gorde:
| Formatua: | Liburua |
|---|---|
| Hizkuntza: | Undetermined |
| Argitaratua: |
Phillippines
EEPSEA
2017
|
| Gaiak: | |
| Etiketak: |
Etiketa erantsi
Etiketarik gabe, Izan zaitez lehena erregistro honi etiketa jartzen!
|
| Thư viện lưu trữ: | Trung tâm Học liệu Trường Đại học Cần Thơ |
|---|
| LEADER | 00755nam a2200205Ia 4500 | ||
|---|---|---|---|
| 001 | CTU_227499 | ||
| 008 | 210402s9999 xx 000 0 und d | ||
| 082 | |a 333.7932 | ||
| 082 | |b C559 | ||
| 245 | 0 | |a Residential electricity consumption in China : | |
| 245 | 4 | |b The roles of weather and household income | |
| 245 | 0 | |c Wang Chunhua | |
| 260 | |a Phillippines | ||
| 260 | |b EEPSEA | ||
| 260 | |c 2017 | ||
| 520 | |a This is repost introduce about residential electricity consumption in China, the roles of weather and household income. | ||
| 650 | |a Truyền tải điện,Electric power transmission | ||
| 650 | |x Khía cạnh môi trường,Environmental aspects | ||
| 910 | |b dqhieu | ||
| 980 | |a Trung tâm Học liệu Trường Đại học Cần Thơ | ||